Wonders of Croatia Quiz Stats

 Plays Quiz not verified by Sporcle

Challenge
Share
Tweet
Embed
Score 0/7 Timer 07:00
0 Plays Today
Hint Answer % Correct
SplitDiocletian's Palace
61.1%
DubrovnikOld City of Dubrovnik
50%
Plitvička JezeraPlitvice Lakes National Park
22.2%
PorečEuphrasian Basilica
16.7%
TrogirHistoric city of Trogir
16.7%
ŠibenikCathedral of Saint James
16.7%
HvarStari Grad Plain
5.6%

You're not logged in!

Compare scores with friends on all Sporcle quizzes.
Join for Free
OR
Log In

You Might Also Like...

Show Comments

Extras

Created Nov 5, 2013ReportNominate
Tags:croatia, wonder

Top Quizzes Today


Score Distribution

Your Account Isn't Verified!

In order to create a playlist on Sporcle, you need to verify the email address you used during registration. Go to your Sporcle Settings to finish the process.

Report this User

Report this user for behavior that violates our Community Guidelines.

Details: